| 000 | 00643nam a2200205 i 4500 | ||
|---|---|---|---|
| 001 | bgj | ||
| 245 | 0 | 0 |
_aLongman language activator : _bthe world's first production dictionary / _cDella Summers, editorial director. |
| 250 | _a[6th impr.]. | ||
| 260 |
_aHarlow, England : _bLongman, _c1996. |
||
| 300 |
_a34, 1587, 11 : _bphotos ; _c24 cm. |
||
| 500 | _a1st published in 1993. | ||
| 650 | 9 |
_aEnglish language _xDictionaries |
|
| 700 | 1 |
_aSUMMERS, Della. _eeditorial director |
|
| 020 | _a0582040930 (pbk) | ||
| 040 | _cBPK | ||
| 041 | 0 | _aeng | |
| 920 | _a0-582-04093-0 (pbk) | ||
| 942 | _cKS | ||
| 008 | s uk f |000 0 eng | ||
| 999 |
_c48111 _d48111 |
||